| 000 | 00456nam a2200181Ia 4500 | ||
|---|---|---|---|
| 003 | LK-CoDNM | ||
| 008 | 010623t1915 xxu||||| |||| 00| 1 sin d | ||
| 040 |
_aLK-CoDNM _dLK-CoDNM _eLK-CoDNM |
||
| 041 | _asin | ||
| 080 | _a104 B 23 | ||
| 100 | _aDe Silva,K.S. | ||
| 245 | _aළදරු බෞද්ධයා | ||
| 246 | _aLadaru Bauddaya | ||
| 260 |
_bSubaddraloka _aColombo _c1915 |
||
| 300 | _b32p, 16 cm | ||
| 490 | _vVol -I : No. I-II | ||
| 942 | _cBK | ||
| 999 |
_c88659 _d88659 |
||